Top 10 des réseaux sociaux en France en 2024 - Statistiques

Statistiques générales
  • Ce quiz a été pris 381 fois
  • Le résultat moyen est 7 sur 10
Statistiques - réponses
Classement Réponses % Correct
2 Instagram
100%
5 Snapchat
96%
4 TikTok
94%
1 Facebook
93%
3 WhatsApp
76%
7 X
76%
6 Messenger
54%
8 Pinterest
43%
10 Discord
31%
9 Message
7%
Aucun quiz correspondant
Distribution des résultats
% des personnes avec chaque résultat
Percentile par nombre de réponses
Votre historique - résultats
Vous n’avez pas pris ce quiz